Missing Word: Best Actress Winners Quiz Stats

Quiz Updated Jul 8, 2016

Challenge
Share
Tweet
Embed
Score 0/20 Timer 03:00
0 Plays Today
Hint Answer % Correct
Julie Andrews
Mary Poppins (Mary Poppins) - 1964
Sound
98.6%
Julia Roberts
Erin Brockovich (Erin Brockovich) - 2000
Best
98%
Julia Roberts
Erin Brockovich (Erin Brockovich) - 2000
Woman
97.9%
Diane Keaton
Annie Hall (Annie Hall) -1977
Gotta
94.5%
Julia Roberts
Erin Brockovich (Erin Brockovich) - 2000
Steel
94.3%
Julia Roberts
Erin Brockovich (Erin Brockovich) - 2000
Enemy
94.2%
Julia Roberts
Erin Brockovich (Erin Brockovich) - 2000
Pray
92.8%
Diane Keaton
Annie Hall (Annie Hall) -1977
Said
88.3%
Julie Andrews
Mary Poppins (Mary Poppins) - 1964
Diaries
83.8%
Julie Andrews
Mary Poppins (Mary Poppins) - 1964
Victor
82.3%
Hint Answer % Correct
Ginger Rogers
Kitty Foyle (Kitty Foyle) - 1940
Shall
81.5%
Diane Keaton
Annie Hall (Annie Hall) -1977
Godfather
75.6%
Ginger Rogers
Kitty Foyle (Kitty Foyle) - 1940
Hat
62.2%
Julie Andrews
Mary Poppins (Mary Poppins) - 1964
Shrek
60.4%
Diane Keaton
Annie Hall (Annie Hall) -1977
Glory
47.1%
Ginger Rogers
Kitty Foyle (Kitty Foyle) - 1940
Down
46.3%
Ginger Rogers
Kitty Foyle (Kitty Foyle) - 1940
Divorcee
36.6%
Julie Andrews
Mary Poppins (Mary Poppins) - 1964
Torn
32.5%
Ginger Rogers
Kitty Foyle (Kitty Foyle) - 1940
Swing
18.2%
Diane Keaton
Annie Hall (Annie Hall) -1977
Big
12.4%

Today's Daily Dose

You're not logged in!

Compare scores with friends on all Sporcle quizzes.
Sign Up with Email
OR
Log In

You Might Also Like...

Show Comments

Extras

Top Quizzes Today


Score Distribution

Your Account Isn't Verified!

In order to create a playlist on Sporcle, you need to verify the email address you used during registration. Go to your Sporcle Settings to finish the process.